| 000 | 00491nam a22001937a 4500 | ||
|---|---|---|---|
| 003 | MPLRDC | ||
| 005 | 20220104183209.0 | ||
| 008 | 210129b ||||| |||| 00| 0 eng d | ||
| 020 | _a957-13-4862-9 | ||
| 082 | _a848.2 LY-84 | ||
| 100 | _a刘墉 | ||
| 245 |
_a爱要一生的惊艳 _c |
||
| 250 | _a初版 | ||
| 260 |
_a台湾 _b时报文化出版企业股份有限公司 _c2008 |
||
| 300 | _b平 | ||
| 490 | _a刘墉作品集: 7 | ||
| 650 | _a现代别集 | ||
| 942 |
_cBK _o848.2 LY-84 |
||
| 999 |
_c62291 _d62281 |
||